| 000 | 00970cam a22002774a 4500 | ||
|---|---|---|---|
| 001 | 14163897 | ||
| 005 | 20180118090817.0 | ||
| 008 | 051102s2006 nyu b 001 0 eng | ||
| 010 | _a 2005055522 | ||
| 020 | _a1594200769 | ||
| 035 | _a(OCoLC)ocm62282449 | ||
| 040 |
_aDLC _cDLC _dIG# _dBAKER _dIXA _dDLC |
||
| 041 | _aeng | ||
| 042 | _apcc | ||
| 043 | _an-us--- | ||
| 080 | _a381/.1490973 FIS | ||
| 082 | 0 | 0 |
_a381/.1490973 FIS _222 |
| 100 | 1 | _a52 | |
| 101 | _aECO | ||
| 245 | 1 | 4 |
_aThe Wal-Mart effect : _cCharles Fishman. |
| 246 | 3 | _aWalmart effect | |
| 504 | _aIncludes bibliographical references (p. 263-283) and index. | ||
| 906 |
_a7 _bcbc _corignew _d1 _eocip _f20 _gy-gencatlg |
||
| 942 |
_2ddc _cBK |
||
| 999 |
_c40501 _d40501 |
||